书目信息 |
| 题名: |
中国近三百年学术史
|
|
| 作者: | 梁启超 著 | |
| 分册: | ||
| 出版信息: | 北京 中国文史出版社 2016 |
|
| 页数: | 340页 | |
| 开本: | 24cm | |
| 丛书名: | 民国名家史学典藏文库 | |
| 单 册: | ||
| 中图分类: | B249.05 | |
| 科图分类: | ||
| 主题词: | 学术思想--xue shu si xiang--思想史--中国--清代 | |
| 电子资源: | ||
| ISBN: | 978-7-5034-6986-2 | |
| 000 | 00930nam0 22002531 450 | |
| 001 | 0119165303 | |
| 005 | 20170619165303.0 | |
| 010 | @a978-7-5034-6986-2@dCNY39.80 | |
| 100 | @a20160218d2016 em y0chiy50 ea | |
| 101 | 0 | @achi |
| 102 | @aCN@b110000 | |
| 105 | @ay z 000yy | |
| 106 | @ar | |
| 200 | 1 | @a中国近三百年学术史@9zhong guo jin san bai nian xue shu shi@f梁启超著 |
| 210 | @a北京@c中国文史出版社@d2016 | |
| 215 | @a340页@d24cm | |
| 225 | 2 | @a民国名家史学典藏文库@9min guo ming jia shi xue dian cang wen ku |
| 330 | @a本书内容叙述明清以降中国学术之演变,经纬交织、层次繁复,分别以问题叙史、人物(学派)叙史、学科叙史,构成社会思潮史、学派史与学科史三大板块。 | |
| 461 | 0 | @12001 @a民国名家史学典藏文库 |
| 606 | 0 | @a学术思想@9xue shu si xiang@x思想史@y中国@z清代 |
| 690 | @aB249.05@v5 | |
| 701 | 0 | @a梁启超@9liang qi chao@f(1873~1929)@4著 |
| 801 | 0 | @aCN@b百万庄@c20170616 |
| 905 | @b1011435-40@dB249.05@e60@f6 | |
| 中国近三百年学术史/梁启超著.-北京:中国文史出版社,2016 |
| 340页;24cm.-(民国名家史学典藏文库) |
| ISBN 978-7-5034-6986-2:CNY39.80 |
| 本书内容叙述明清以降中国学术之演变,经纬交织、层次繁复,分别以问题叙史、人物(学派)叙史、学科叙史,构成社会思潮史、学派史与学科史三大板块。 |
| ● |
| 相关链接 |
|
|
|
|
正题名:中国近三百年学术史
索取号:B249.05/60
 
预约/预借
| 序号 | 登录号 | 条形码 | 馆藏地/架位号 | 状态 | 备注 |
| 1 | 1011435 | 210114357 | 第一样本阅览室/ [索取号:B249.05/60] | 在馆 | |
| 2 | 1011436 | 210114366 | 教育系资料室/ [索取号:B249.05/60] | 在馆 | |
| 3 | 1011437 | 210114375 | 教育系资料室/ [索取号:B249.05/60] | 在馆 | |
| 4 | 1011438 | 210114384 | 教育系资料室/ [索取号:B249.05/60] | 在馆 | |
| 5 | 1011439 | 210114393 | 第一借阅区/ [索取号:B249.05/60] | 在馆 | |
| 6 | 1011440 | 210114400 | 第一借阅区/ [索取号:B249.05/60] | 在馆 |